| 000 | 01890nam0a2200337 4500 | ||
|---|---|---|---|
| 001 | RU\NLR\BIBL_A\011652201 | ||
| 005 | 20180321153048.0 | ||
| 010 |
_a978-5-9908299-7-8 _91000 |
||
| 021 |
_aRU _bКН-П-18-007721 _9КН-П-18-0529 |
||
| 035 | _a(NLR Aleph) 011652201 | ||
| 035 | _a(RuMoRGB)009536558 | ||
| 090 |
_a11134129 _c11134129 |
||
| 100 | _a20180305d2018 u y0rusy50 ca | ||
| 101 | 0 | _arus | |
| 102 | _aRU | ||
| 105 | _aa|||j|||000zy | ||
| 200 | 1 |
_aСепсис новорожденных _eучебное пособие для врачей _fЮ.С. Александрович, Д.О. Иванов, К.В. Пшениснов _gФедеральное государственное бюджетное образовательное учреждение высшего образования "Санкт-Петербургский государственный педиатрический медицинский университет" Министерства здравоохранения Российской Федерации |
|
| 210 |
_aСанкт-Петербург _cСПбГПМУ _d2018 |
||
| 215 |
_a174, [1] с. _cил., табл. _d21 |
||
| 320 | _aБиблиогр.: с. 170-174 (69 назв.) | ||
| 606 | 1 |
_aСепсис новорожденных _jУчебные издания _2nlr_sh2 _3RU\NLR\AUTH\661454797 |
|
| 686 |
_aР733.302.7,07 _2rubbk |
||
| 686 | 1 | _aР733.202.7я77 | |
| 700 | 1 |
_aАлександрович _bЮ. С. _gЮрий Станиславович |
|
| 701 | 1 |
_aИванов _bД. О. _cд-р мед. наук, неонатолог _f1967- _gДмитрий Олегович _3RU\NLR\AUTH\7738447 |
|
| 701 | 1 |
_aПшениснов _bК. В. _gКонстантин Викторович |
|
| 942 | _cBOOK | ||
| 980 | _aNBR | ||
| 980 | _aNB | ||